[Event "COL-ch U14"]
[Site "Barranquilla"]
[Date "2024.04.13"]
[Round "5"]
[White "Borre Meza, Orlando David"]
[Black "Anillo Trespalacios, Daniel David"]
[Result "1-0"]
[WhiteElo "1886"]
[BlackElo "1640"]
[PlyCount "67"]
[EventDate "2024.04.11"]
[EventType "swiss"]
[EventRounds "7"]
[EventCountry "COL"]
[SourceTitle "CB18_2024"]
[SourceDate "2024.05.01"]
[SourceVersion "1"]
[SourceVersionDate "2024.05.01"]
[SourceQuality "2"]

1. d4 d6 2. c4 Nd7 3. e4 e5 4. Nf3 Be7 5. Nc3 exd4 6. Nxd4 Nc5 7. Be3 Nf6 8. f3 0-0 9. Qd2 c6 10. 0-0-0 a6 11. g4 Be6 12. Be2 Qc7 13. g5 Nfd7 14. f4 b5 15. f5 b4 16. Nb1 Nxe4 17. Qc2 Ndc5 18. fxe6 fxe6 19. Nxe6 Nxe6 20. Qxe4 Nxg5 21. Qg4 Qa5 22. c5 Nf7 23. cxd6 Bf6 24. Rdf1 Qe5 25. Rxf6 Qxe3+ 26. Kd1 Qe5 27. Rhf1 Kh8 28. R6f3 Qxd6+ 29. Nd2 Rad8 30. Bd3 Ne5 31. Rxf8+ Rxf8 32. Rxf8+ Qxf8 33. Qf5 Qe8 34. Qxh7# 1-0

[Event "ARG-ch U18"]
[Site "Ibague"]
[Date "2024.03.17"]
[Round "7"]
[White "Guzman Galeano, Erick Samir"]
[Black "Anillo Trespalacios, Daniel David"]
[Result "1-0"]
[WhiteElo "1756"]
[BlackElo "1610"]
[PlyCount "41"]
[EventDate "2024.03.14"]
[EventType "swiss"]
[EventRounds "7"]
[EventCountry "COL"]
[SourceTitle "CB12_2024"]
[SourceDate "2023.10.01"]
[SourceVersion "1"]
[SourceVersionDate "2023.10.01"]
[SourceQuality "1"]

1. e4 e5 2. Nf3 d6 3. Bc4 Bg4 4. Nc3 Nc6 5. h3 Bh5 6. g4 Bg6 7. d4 exd4 8. Nxd4 Ne5 9. Bb3 h5 10. Bf4 c6 11. Qe2 Qf6 12. Qe3 Qe7 13. 0-0-0 hxg4 14. Bxe5 dxe5 15. Ndb5 Rd8 16. Qxa7 Rxh3 17. Rxd8+ Qxd8 18. Rd1 Qc8 19. Qa5 cxb5 20. Qxb5+ Qc6 21. Qxe5+ 1-0

[Event "Barranquilla Carnaval Cup"]
[Site "Barranquilla"]
[Date "2024.02.05"]
[Round "5"]
[White "Florez Perez, Owen Andrew"]
[Black "Anillo Trespalacios, Daniel David"]
[Result "1-0"]
[WhiteElo "1464"]
[BlackElo "1458"]
[PlyCount "89"]
[EventDate "2024.02.03"]
[EventType "swiss"]
[EventRounds "9"]
[EventCountry "COL"]
[SourceTitle "CB07_2024"]
[SourceDate "2024.02.14"]
[SourceVersion "1"]
[SourceVersionDate "2024.02.14"]
[SourceQuality "1"]

1. e4 g6 2. d4 Bg7 3. Nc3 c5 4. Nf3 cxd4 5. Nxd4 a6 6. Be3 e6 7. Qd2 Ne7 8. Be2 0-0 9. 0-0-0 b5 10. Bh6 b4 11. Bxg7 Kxg7 12. Na4 e5 13. Nf3 Qa5 14. b3 Nbc6 15. h4 h6 16. Qd6 f6 17. g4 Qd8 18. g5 h5 19. gxf6+ Rxf6 20. Qd2 d6 21. Rdg1 Bg4 22. Rg3 Qf8 23. Qe3 d5 24. Nb6 Rd8 25. Nxd5 Nxd5 26. exd5 Rxd5 27. Rhg1 a5 28. Ng5 Bxe2 29. Qxe2 Nd4 30. Qe4 Qc8 31. Nf3 Qf5 32. Qxf5 Nxf5 33. Rg5 e4 34. Nd2 Re6 35. Rxh5 Kf6 36. Rhg5 Kf7 37. Nc4 Rf6 38. Ne3 Nxe3 39. fxe3 Rdf5 40. R1g4 Rxg5 41. Rxg5 Rf5 42. Rg4 Re5 43. Kd2 Rd5+ 44. Kc1 Re5 45. Kb2 1-0